000 00624cam a2200229 4500
001 J628
008 090401t1992 xxu||||| |||| 00| 0 eng d
035 _a(Sirsi) u75862
041 _aeng
050 _a729.28
100 _aLittlefair, P.J.
245 _aSite layout for sunlight and solar gain.
260 _aGarston, Watford
_bBuilding Research Establishment
_c1992
300 _a(4)p. : ill. ; 30cm.
350 _a0
490 _aBRE Information Paper
_v4/92
650 _aPASSIVE SOLAR HOUSES
690 _aBUILT ENVIRONMENT
710 _aBuilding Research Establishment
942 _n0
948 _c04/03/1997
999 _c96084
_d96084